000 00400nam a2200157Ia 4500
008 230917s9999||||xx |||||||||||||| ||und||
040 _e119858
_aMAIN
041 _aEnglish
082 _a005.133 B181O
100 _aBalagurusamy, E
245 0 _aObject-oriented programming with C++
250 _a4th ed.
260 _aNew Delhi
_bTata McGraw-Hill
_c2008
300 _axiii, 637 p.
942 _cBK
999 _c142354
_d142354